| 000 | 00575nam a2200205Ia 4500 | ||
|---|---|---|---|
| 008 | 140306s9999 xx 000 0 und d | ||
| 020 | _a439441595 | ||
| 050 |
_aPZ 8.3 _b.W4215Dol 2003 |
||
| 100 | _aWeinberger, Kimberly | ||
| 245 |
_aDolphin's Big Leap / _cKimberly Weinberger |
||
| 260 |
_aUSA : _bScholastic Inc, _cc2003. |
||
| 300 |
_a30 p. : _bcol. Ill. ; _c18 cm. |
||
| 521 | _aG1 | ||
| 526 | _cBR | ||
| 650 |
_aCourage _xJuvenile fiction. |
||
| 650 |
_aDolphins _xJuvenile fiction. |
||
| 650 |
_aSelf-esteem _xJuvenile fiction. |
||
| 942 | _cBK | ||
| 999 |
_c42889 _d42889 |
||